| 000 | 01131cam a2200337 i 4500 | ||
|---|---|---|---|
| 999 |
_c7876 _d7876 |
||
| 001 | 991060176085506706 | ||
| 003 | OSt | ||
| 005 | 20240306133640.0 | ||
| 008 | 220203e202202 spcpca |||||0|1|0|cat c c--|c | ||
| 015 |
_aLL2022 _2bnc |
||
| 017 |
_aDL B 2067-2022 _bBiblioteca de Catalunya |
||
| 020 | _a9788418928277 | ||
| 035 | _a(OCoLC)1331523277 | ||
| 040 |
_aES-BaUB _bcat _erda _cES-BaUB _dCDMR |
||
| 043 | _ae----- | ||
| 080 |
_a329.055.1 _x(4) _x"20" _22004 |
||
| 080 |
_a329.18 _x(4) _x"20" _22004 |
||
| 100 | 1 | _aBorràs, Jordi, | |
| 245 | 1 | 0 |
_aTots els colors del negre : _bl'extrema dreta a l'Europa del segle XXI / _cJordi Borràs ; pròleg de Mark Bray |
| 264 | 1 |
_aBarcelona : _bAra Llibres, _c2022 |
|
| 300 |
_a499 pàgines : _bil·lustracions en blanc i negre ; _c22 cm |
||
| 490 | 1 |
_aPausa ; _v13 |
|
| 500 | _aÍndex | ||
| 500 | _aInclou glossari | ||
| 650 | 7 |
_aExtrema dreta _zEuropa _xHistòria _yS. XXI. _2lemac |
|
| 650 | 7 |
_aFeixisme _zEuropa _xHistòria _yS. XXI. _2lemac |
|
| 830 | 0 |
_aPausa (Ara Llibres) ; _v13 |
|
| 908 |
_aUB _aUAB _aBAB _aCLR _aBMON _aBC _aUdG _aUPF _aGCDSO _aURL |
||
| 940 | _aUB | ||
| 942 |
_2udc _cMON |
||